000 00628cam a22002293a 4500
001 1758
003 PGUSA
005 20140828083006.0
008 990501s1999||||xxu|||||s|||||000 1 eng d
040 _aPGUSA
_beng
042 _adc
050 4 _aPS
100 1 _aAldrich, Thomas Bailey,
_d1836-1907
245 1 0 _aMajorie Daw
_h[electronic resource] /
_cThomas Bailey Aldrich
260 _bProject Gutenberg,
_c1999
506 _aPublic domain in the USA.
516 _aElectronic text
653 _aEpistolary fiction
830 0 _aProject Gutenberg
_v1758
856 4 0 _uhttp://www.gutenberg.org/ebooks/1758
942 _cEB
999 _c231104
_d231104